LEADER 00616nam a2200169 i 4500 001 000000083661 003 CaOOAMICUS 005 20171013000000.0 008 171013s1843 xx u000 u eng u 013 $a55901 040 $aSeMil$bita 245 10$aVol. 1. 300 $a490 p. 773 0 $aMacaulay, Thomas Babington <1800-1859>$tCritical and historical essays.$b2. Edition. In three volumes$dLondon : Longman, Brown, Green, and Longmans, 1843.$g1$w()6086 850 $aSeMil 852 $aSeMil$W1$xVenegono$y1$m1D VII 28 FA$j233627$B48185$CSeMilBibl$Z2$F51260 $81 996 $6245$aVol. 1$9(OLS)http://semarc/title/13429